000 00604nam a22001937a 4500
005 20251108164913.0
008 250721s9999 xx 000 0 ara d
082 1 4 _a212/محم
100 1 _aالصواف، محمد محمود
245 1 0 _aأم القرآن و خير ثلاث سور أنزلت /
264 1 _aبيروت :
_bمؤسسة الرساله،
_c[19-].
300 _a217ص
490 0 _aسلسلة المكتبة القرآنيه ؛2
650 1 7 _aالقرآن الكريم
650 1 7 _aتفسير القرآن
650 1 7 _aسور القرآن
942 _2ddc
_cBK
999 _c17096
_d17096